| 000 | 00711nam a2200205Ia 4500 | ||
|---|---|---|---|
| 003 | GCL | ||
| 008 | 140319s9999 xx 000 0 ara d | ||
| 040 |
_aGCL / _cGCL |
||
| 082 | 0 | 4 |
_a412 _bا ع |
| 100 | 1 | _aاحمد نعيم الكراعين | |
| 245 | 1 | 0 |
_aعلم الدلالة: بين النظر والتطبيق / _cاحمد نعيم الكراعين |
| 250 | _aالاولى | ||
| 260 |
_aبيروت : _bالمؤسسة الجامعية للدراسات والنشر والتوزيع ، _c1993 |
||
| 300 |
_a288 ص ؛ _c24سم |
||
| 650 | 0 | 4 | _aاللغة العربية |
| 650 | 0 | 4 | _aعلم اللغة |
| 650 | 0 | 4 | _aدلالة المفهوم |
| 650 | 0 | 4 | _aدلالة المنطوق |
| 942 |
_2ddc _cBK |
||
| 999 |
_c55295 _d55295 |
||